Konferenciaszervezés folyamata a Silhouette Consulting Kft. példáján keresztül

Bibliográfiai részletek
Szerző: Vámos Gréta
További közreműködők: Boros Dr. Kitti
Dokumentumtípus: Projektmunka
Kulcsszavak:konferencia
rendezvény(ek)
rendezvényszervezés
Silhouette Consulting Kft.
vállalati szakmai rendezvények
Online Access:http://dolgozattar.uni-bge.hu/59719

MARC

LEADER 00000nnm a2200000 i 4500
001 dolg59719
005 20260409145455.0
008 260409suuuu hu o 000 hun d
040 |a BGE Dolgozattár Repozitórium  |b hun 
041 |a hu 
100 1 |a Vámos Gréta 
245 1 0 |a Konferenciaszervezés folyamata a Silhouette Consulting Kft. példáján keresztül  |c Vámos Gréta  |h [elektronikus dokumentum] 
516 |a Project_work 
520 3 |a A projektmunka a konferenciaszervezés folyamatát mutatja be a Silhouette Consulting Kft. példáján keresztül, kiemelten fókuszálva az elméleti alapjaira és gyakorlati megvalósítására. A dolgozat szakirodalmi áttekintést ad a rendezvényszervezés fogalmáról, aktuális trendjeiről és a vállalati események sajátosságairól, majd saját szakmai gyakorlat tapasztalataira építve mutatja be a szervezési folyamat főbb lépéseit a tenderkiírástól a lebonyolításon át az utómunkálatokig. A kutatás részvételes megfigyelés, szakértői interjúk és dokumentumelemzés módszereit ötvözi, célja pedig a szervezési gyakorlat mélyebb megértése, valamint javaslatok megfogalmazása a jövőbeli rendezvények hatékonyságának növelésére. 
695 |a konferencia 
695 |a rendezvény(ek) 
695 |a rendezvényszervezés 
695 |a Silhouette Consulting Kft. 
695 |a vállalati szakmai rendezvények 
700 1 |a Boros Dr. Kitti  |e ths 
856 4 0 |u http://dolgozattar.uni-bge.hu/59719/1/V%C3%A1mos%20Gr%C3%A9ta_Konferenciaszervez%C3%A9s%20folyamata_projektmunka.pdf  |z Dokumentum-elérés 
856 4 0 |u http://dolgozattar.uni-bge.hu/59719/2/V%C3%A1mos%20Gr%C3%A9ta_konzulens_Boros%20Kitti.pdf  |z Dokumentum-elérés